|
|
|
|
| LEADER |
01095nam a22002777a 4500 |
| 001 |
37797 |
| 003 |
BD-DhAAL |
| 008 |
220224t1994 onca b 001 0 eng d |
| 999 |
|
|
|c 43573
|d 43573
|
| 020 |
|
|
|a 096987250X
|
| 040 |
|
|
|a BD-DhAAL
|
| 082 |
|
|
|a 378.179
|2 23
|
| 100 |
|
|
|a Woods, Donald R.
|9 46048
|
| 245 |
|
|
|a Problem-based learning :
|b how to gain the most from PBL /
|c Donald R. Woods.
|
| 260 |
|
|
|a Waterdown, Ont. :
|b Donald R. Woods,
|c c1994.
|
| 300 |
|
|
|a xiii, various paging :
|b illustrations ;
|c 24 cm.
|
| 504 |
|
|
|a Includes bibliographical references and index.
|
| 526 |
|
|
|a BIED
|
| 541 |
|
|
|a Complimentary copy from BIED
|e 37797
|
| 650 |
|
|
|a Problem-based learning.
|9 46049
|
| 650 |
|
|
|a College teaching.
|9 46050
|
| 650 |
|
|
|a Group problem solving.
|9 46051
|
| 650 |
|
|
|a Study skills.
|9 46052
|
| 852 |
|
|
|a Ayesha Abed Library
|c BIED Collection
|
| 942 |
|
|
|2 ddc
|c BK
|
| 952 |
|
|
|0 0
|1 0
|2 ddc
|4 0
|6 378_179000000000000_WOO
|7 0
|9 69883
|a BRACUL
|b BRACUL
|c GEN
|d 2022-02-24
|e Complimentary copy from BIED
|l 0
|o 378.179 WOO
|p 3010037797
|r 2022-02-24
|t 1
|w 2022-02-24
|y BK
|x Transferred from BIED to General Stacks
|